Business Innovation: Concepts And Analysis (Record no. 42924)

MARC details
000 -LEADER
fixed length control field 00327nam a2200121Ia 4500
008 - FIXED-LENGTH DATA ELEMENTS--GENERAL INFORMATION
fixed length control field 241028s9999 xx 000 0 und d
041 ## - LANGUAGE CODE
Language code of text/sound track or separate title eng
082 ## - DEWEY DECIMAL CLASSIFICATION NUMBER
Classification number 658.514 HOD
100 ## - MAIN ENTRY--PERSONAL NAME
Personal name Hugo Hodges
245 ## - TITLE STATEMENT
Title Business Innovation: Concepts And Analysis
260 ## - PUBLICATION, DISTRIBUTION, ETC.
Name of publisher, distributor, etc. Murphy & Moore Publishing
Place of publication, distribution, etc. USA
Date of publication, distribution, etc. 2022
300 ## - PHYSICAL DESCRIPTION
Extent 236;. P. 27 cm
Holdings
Withdrawn status Lost status Damaged status Not for loan Home library Current library Shelving location Date acquired Cost, normal purchase price Total Checkouts Full call number Barcode Date due Date last seen Date last checked out Cost, replacement price Price effective from Koha item type
        IMTN IMTN Rack 34-B 07/03/2024 13667.00 2 658.514 HOD 33353 01/11/2026 07/15/2025 07/15/2025 158.00 10/28/2024 Books
Designed & Maintained by: LRC IMT Nagpur Contact: lrc@imtnag.ac.in© 2024. All Rights Reserved.